Análisis de viabilidad para la creación de una Microempresa comercializadora de material escolar en la Zona Santiago Milluni del Distrito 2 de la ciudad de El Alto (Registro nro. 9680)

000 -CABECERA (24)
Campo de control interno 02755nam a22002774a 4500
003 - IDENTIFICADOR DE CONTROL
Campo control BOLpUSFA
005 - FECHA Y HORA DE CATALOGACION
Campo de control 20260407151323.0
008 - ELEMENTOS DE LONGITUD FIJA - INFORMACIÓN GENERAL
Campo de control de longitud fija t bo grm 001 | spa||
040 ## - Origen de la Catalogacion
Origen de la Catalogacion BOLpUSFA
041 ## - Código de idioma (R)
Código de lengua del texto/banda sonora o título independiente (R) spa
044 ## - Código de país de la publicación
Codigo de pais MARC BO
082 ## - Número de la Clasificación Decimal Dewey
Número de la Clasificación Decimal Dewey ICO0044
Codigo Cutter M263aPG
100 ## - Autor Personal
Autor Personal Mamani Mamani, Omar Sandalio
245 ## - Titulo
Titulo Análisis de viabilidad para la creación de una Microempresa comercializadora de material escolar en la Zona Santiago Milluni del Distrito 2 de la ciudad de El Alto
260 ## - Editorial
Ciudad El Alto:
Nombre de la Editorial Universidad Privada San Francisco de Asís. Carrera de Ingeniería Comercial,
Fecha 2025
300 ## - Descripcion
Extension 171 p.
502 ## - Nota de Tesis
Nota de Tesis Modalidad: Proyecto de Grado - <br/>Tutora: Lic. Melody Mariel Vicente Canaviri
520 ## - Resumen
Resumen El proyecto parte de la identificación de la problemática principal en la ciudad de <br/>El Alto, cuya economía se sustenta en el comercio y el transporte, siendo un <br/>punto estratégico de distribución hacia La Paz. Se observa un incremento de <br/>precios y falsificación de materiales escolares, mientras que el distrito 2 cuenta <br/>con 183 unidades educativas y seis colegios cercanos al área del proyecto, lo <br/>que representa una oportunidad de mercado. Para abordar esta situación, se <br/>aplicaron metodologías cuantitativas y cualitativas que permitieron comprender <br/>el entorno comercial y definir la viabilidad del negocio. <br/><br/>En primer lugar, se utilizó la metodología descriptiva y de campo, mediante la <br/>aplicación de 381 encuestas estructuradas dirigidas a la población <br/>económicamente activa, con el propósito de identificar la demanda, las <br/>preferencias de compra y los factores que influyen en la decisión del consumidor. <br/>Para la gestión interna, se empleó la metodología del proceso administrativo, <br/>abarcando las etapas de planificación, organización, dirección y control, lo que <br/>permitió establecer una estructura operativa eficiente. Asimismo, el marketing <br/>mix basado en las 7P del marketing (producto, precio, plaza, promoción, <br/>personas, procesos y evidencia física) sirvió como guía para diseñar estrategias <br/>comerciales que fortalezcan la posición competitiva de la empresa. <br/><br/>Finalmente, se aplicó la metodología financiera, calculando indicadores como el <br/>VAN y la TIR, los cuales confirmaron la rentabilidad del proyecto, demostrando <br/>una inversión de Bs 200.000, una recuperación en dos años, un VAN de Bs <br/>77.127 y una TIR del 54%. <br/>
650 ## - Temas - Descriptores
Temas - Descriptores Ingeniería Comercial
650 ## - Temas - Descriptores
Temas - Descriptores Proyecto de Grado
650 ## - Temas - Descriptores
Temas - Descriptores Análisis de viabilidad
650 ## - Temas - Descriptores
Temas - Descriptores Comercializadora
650 ## - Temas - Descriptores
Temas - Descriptores Material escolar
651 ## - Punto de acceso adicional de materia - Nombre geográfico (R)
Nombre geográfico (NR) El Alto
942 ## - ELEMENTOS DE KOHA
Esquema de Clasificaci
Tipo de Documento Tesis
Catalogador LLO
Existencias
Retirado (estado) Perdido (estado) Fuente de Clasificacion Deterioro (estado) Prestamo Coleccion Ubicacion permanente Ubicacion actual Fondo Fecha de adquisicion Origen de adquisicion Prestamos Signatura Topografica Codigo de barras Ultima fecha de verificacion Price effective from Tipo de Item
No Dañado Disponible   No Dañado Disponible Tesis Biblioteca USFA El Alto Biblioteca USFA El Alto Colección Tesis 03/25/2026 Depósito   ICO0044 M263aPG BEA01528 03/25/2026 03/25/2026 Tesis

Universidad Privada San Francisco de Asis (USFA)
Sopocachi, av. 20 de octubre esq. Belisario Salinas No.397 (Plaza Abaroa)
Telf.fax (+591-2) 2443773
info@usfa.edu.bo